000 00339nab a22001097u 4500
008 130520b1982 xxu||||| |||| 00| 0 spa d
041 _aspa
100 1 _aMccarthy, M.
_967253
245 0 0 _aTerapia familiar: un nuevo paradigma, un nuevo desafío
_cM. Mccarthy
773 0 _tConcilium
_gV.2,1982,págs.428-432
_x0210-1041
_wRev134
942 _cAR
999 _c354879
_d354879